Wszyscy zwycięzcy WBW (Polski freestyle) - Statystyki

Ogólne statystyki
  • Ten quiz został rozwiązany 571 razy
  • Średni wynik to 13 z 17
Statystyki odpowiedzi
Data Mistrz WBW % Poprawnych
2019 Koro
99%
2016 Bober
97%
2017 Bober
97%
2014 Edzio
97%
2015 Edzio
97%
2013 Szyderca
87%
2006 Muflon
86%
2008 Muflon
86%
2018 Ryba
85%
2004 Duże Pe
81%
2012 Czeski
74%
2009 Flint
63%
2007 Eskobar
62%
2003 Rufin MC
47%
2011 Kopek
45%
2005 Pogo
44%
2010 Sosen
40%
Nie znaleziono quizów pasujących do podanych kryteriów
Rozkład punktacji
Procent ludzi z każdym wynikiem
Percentyl według liczby udzielonych odpowiedzi
Twoja historia wyników
Nie rozwiązałeś tego quizu